Responses for Show #1960 - Friday, February 26, 1993

1993 Teen Tournament final game 2.

Contestants

[<< previous game]

Jesse Roach, a senior from Aiken, South Carolina (subtotal of $12,500)

Mit Robertson, a senior from Tupelo, Mississippi (subtotal of $8,400)

Fraser Woodford, a senior from Lexington, Kentucky (subtotal of $16,000)

Jeopardy! Round responses

ANATOMY
HORROR FILMS
HISTORIC QUOTES
NEBRASKA
FOOD
ABBREVIATIONS
    $100 1
eyebrows

Fraser
    $100 11
dog

Fraser
    $100 6
Davy Crockett

Jesse
    $100 21
(Jesse: Who was "Wild Bill" Hickok?)

"Buffalo Bill" (Cody)

MitJesse
    $100 26
Philadelphia

Fraser
    $100 16
junior varsity

Mit
    $500 2
(Fraser: What is the brain?)

skin

Fraser
    $200 12
Child's Play

Fraser
    $200 7
Jesse Jackson

Fraser
    $200 22
corn

Fraser
    $200 27
chowder

Jesse
    $200 17
ultraviolet

Fraser
    $300 3
knuckles

Fraser
    $300 13
Dracula

Fraser
    $300 8
Winston Churchill

Fraser
    $300 23
Omaha

Fraser
    $300 28
ricotta

Fraser
    $300 18
crescendo

Fraser
    $400 4
capillaries

Fraser
    $400 14
Robert Englund

Fraser
    $400 9
Carrie Nation

Fraser
    $400 24
Lincoln

Jesse
    $400 29
sandwich

Fraser
    $400 19
Northwest Territories

Fraser
    $500 5
(Fraser: What is the medulla?)

cerebellum

FraserMit
    $500 15
Pinhead

Mit
    $500 10
Thomas Paine

Jesse
    $500 25
Oregon Trail

Fraser
    $500 30
chiles rellenos

Triple Stumper
    $500 20
central processing unit

Fraser

Scores at the first commercial break (after clue 15):

Fraser Mit Jesse
$1,700 $1,000 $600

Scores at the end of the Jeopardy! Round:

Fraser Mit Jesse
$4,900 $1,200 $1,100

Double Jeopardy! Round responses

THE VIETNAM WAR
MUSEUMS
AMERICAN LITERATURE
CURRENT MONARCHS
PHOBIAS
GEOGRAPHY "B"
    $200 16
the Tet Offensive

Jesse
    $200 21
collars

Mit
    $200 6
Huckleberry Finn

Mit
    $200 11
Prince Rainier

Fraser
    $200 26
arachnophobia

Fraser
    $200 1
Berlin

Fraser
    $400 17
Paris

Mit
    $400 22
rice

Mit
    $400 7
(Edgar Allan) Poe

Mit
    $400 12
Denmark

Fraser
    $400 27
claustrophobia

Jesse
    $400 2
Bangkok

Mit
    $600 18
the Gulf of Tonkin Resolution

Fraser
    $600 23
B&O (Baltimore & Ohio)

Fraser
    $600 8
Lonesome Dove

Mit
    $600 13
Sweden

Mit
    $600 28
thunder & lightning

Jesse
    $600 3
Belfast

Fraser
    $800 19
the domino effect

Mit
    $800 24
Sam Houston

Jesse
    $800 9
Little House on the Prairie

Mit
    $3,000 14
King Juan Carlos (of Spain)

Mit
    $800 29
meat

Fraser
    $800 4
Bolivia

Mit
    $1000 20
William Westmoreland

Jesse
    $3,000 25
Providence (Rhode Island)

Jesse
    $1000 10
Toni Morrison

Fraser
    $1000 15
Norway

Fraser
    $1000 30
(Jesse: What is yourself?)

being alone

FraserJesse
    $1000 5
Bangladesh

Fraser

Scores at the end of the Double Jeopardy! Round:

Fraser Mit Jesse
$12,500 $9,800 $6,100
(lock tournament)

[wagering suggestions for these scores]

Final Jeopardy! Round responses

NOTABLE NAMES
(Alex: [To Fraser] Last astronaut to stand on [*], in 1972.)
JesseWhere is the North Pole?
$6,000
MitWhere is the Berlin Wall?
$9,800
FraserWhere is the moon?
$499
the Moon

Final scores:

Fraser Mit Jesse
$12,999 $0 $100

Cumulative scores:

Fraser Mit Jesse
$28,999 $8,400 $12,600
Tournament champion: $28,999 2nd runner-up: $8,400 1st runner-up: $12,600

Game dynamics:

Coryat scores:

Fraser Mit Jesse
$13,000 $7,600 $4,100
32 R,
2 W
(including 1 DD)
16 R
(including 1 DD),
0 W
10 R
(including 1 DD),
2 W

Combined Coryat: $24,700

[game] [game scores] [suggest correction]

Game tape date: Unknown
The J! Archive is created by fans, for fans. Scraping, republication, monetization, and malicious use prohibited; this site may use cookies and collect identifying information. See terms. The Jeopardy! game show and all elements thereof, including but not limited to copyright and trademark thereto, are the property of Jeopardy Productions, Inc. and are protected under law. This website is not affiliated with, sponsored by, or operated by Jeopardy Productions, Inc. Join the discussion at JBoard.tv.